[Event "19th Mikhail Chigorin Memorial"]
[Site "Sochi URS"]
[Date "1985.??.??"]
[Round "?"]
[White "Agzamov, Georgy"]
[Black "Arkhipov, Sergey"]
[WhiteElo "2590"]
[BlackElo "2550"]
[Result "0-1"]
[EventDate "1985.??.??"]
[PlyCount "88"]

1. d4 d5 2. Nf3 c5 3. c4 e6 4. cxd5 exd5 5. g3 Nc6 6. Bg2 Nf6 7. O-O Be7 8. Nc3 O-O 9. Be3 c4 10. Ne5 Be6 11. b3 Qa5 12. Qc2 Rac8 13. Nf3 Bb4 14. Nd1 Ba3 15. Bd2 Nb4 16. Bxb4 Qxb4 17. bxc4 Rxc4 18. Qd3 g6 19. Rb1 Qe7 20. Ne3 Rc7 21. Ne5 Rfc8 22. Qb5 Qd6 23. Rfd1 b6 24. Qa6 Bc1 25. N5c4 dxc4 26. Rbxc1 c3 27. Rc2 Qb4 28. Qd3 Bd7 29. Nd5 Nxd5 30. Bxd5 Bb5 31. Qe3 Ba4 32. Bb3 Bxb3 33. Rb1 Re7 34. Qf4 Bxc2 35. Rxb4 Rxe2 36. d5 Be4 37. Qc1 Bxd5 38. Rd4 Rce8 39. Rd1 c2 40. Rf1 Bf3 41. h4 Rd8 42. a3 h5 43. Qf4 Rd1 44. Qxf3 Ree1 0-1

[Event "19th Mikhail Chigorin Memorial"]
[Site "Sochi URS"]
[Date "1985.??.??"]
[Round "?"]
[White "Agzamov, Georgy"]
[Black "Eingorn, Vereslav"]
[WhiteElo "2590"]
[BlackElo "2525"]
[Result "1/2-1/2"]
[EventDate "1985.??.??"]
[PlyCount "223"]

1. d4 e6 2. c4 Nf6 3. g3 d5 4. Bg2 Bb4+ 5. Bd2 Be7 6. Nf3 O-O 7. O-O c6 8. Qc2 b6 9. Bg5 Nbd7 10. Nbd2 Bb7 11. Rad1 h6 12. Bxf6 Nxf6 13. e4 Rc8 14. Rfe1 Qc7 15. c5 bxc5 16. dxc5 a5 17. a3 a4 18. Rc1 Qa5 19. Ne5 Rc7 20. exd5 cxd5 21. c6 Ba8 22. Ndf3 Rfc8 23. Nd4 Bd6 24. Nxf7 Rxf7 25. Bh3 Qb6 26. Bxe6 Qxd4 27. Bxc8 Rc7 28. Qf5 Kh8 29. Bb7 Qa7 30. Re6 Bxb7 31. Rxd6 Qb8 32. Qf4 Ba6 33. Re1 Qc8 34. Qxa4 Bd3 35. f3 Bg6 36. Kg2 Be8 37. Qc2 Bf7 38. Qc3 Ne8 39. Rxh6+ Kg8 40. Rh4 Rxc6 41. Qd3 Nf6 42. Re2 Be6 43. Qd2 Bf5 44. g4 Rc2 45. Qd1 Rc1 46. Qd4 Rc4 47. Qe5 Bd7 48. b3 Rc5 49. Qd4 Rc2 50. Rd2 Be6 51. g5 Nh7 52. Qd3 Rxd2+ 53. Qxd2 Qd8 54. Re4 Qe7 55. Qxd5 Nxg5 56. Re3 Qf6 57. Qe5 Qg6 58. Kh1 Kh7 59. Qg3 Qh6 60. h4 Nf7 61. Qe1 Bf5 62. a4 Nh8 63. Re5 Ng6 64. Re4 Bxe4 65. Qxe4 Qc1+ 66. Kh2 Kh6 67. b4 Qc7+ 68. Kh3 Nf4+ 69. Kg3 Nd3+ 70. f4 Qd6 71. b5 Nc5 72. Qc4 Ne6 73. a5 Nd4 74. b6 Nf5+ 75. Kf3 Qd8 76. Kf2 Qd2+ 77. Qe2 Qxa5 78. Qb2 Qc5+ 79. Ke1 Qe3+ 80. Kd1 Qd3+ 81. Ke1 Ne3 82. Qe2 Qc3+ 83. Kf2 Nf5 84. Qg4 Qd4+ 85. Ke1 Qe4+ 86. Kf2 Qd4+ 87. Ke2 Qb2+ 88. Ke1 Qb4+ 89. Ke2 Qb5+ 90. Ke1 Kh7 91. b7 Nd6 92. h5 Qb1+ 93. Kf2 Nxb7 94. h6 Qc2+ 95. Ke3 Qc5+ 96. Kd2 Qd5+ 97. Ke3 gxh6 98. f5 Qf7 99. Qb4 Nd8 100. Qd6 Qg8 101. Qe7+ Nf7 102. Kf2 Qg7 103. Qe6 Ng5 104. Qd5 Nh3+ 105. Ke3 Qg5+ 106. Kf3 Qg2+ 107. Kxg2 Nf4+ 108. Kf3 Nxd5 109. Ke4 Nf6+ 110. Ke5 Kg7 111. Kf4 Ng8 112. Ke5 1/2-1/2

[Event "19th Mikhail Chigorin Memorial"]
[Site "Sochi URS"]
[Date "1985.??.??"]
[Round "?"]
[White "Agzamov, Georgy"]
[Black "Foisor, Ovidiu"]
[WhiteElo "2590"]
[BlackElo "2430"]
[Result "1-0"]
[EventDate "1985.??.??"]
[PlyCount "56"]

1. d4 Nf6 2. c4 e6 3. g3 d5 4. Bg2 dxc4 5. Nf3 b5 6. a4 c6 7. Ne5 Nd5 8. O-O Bb7 9. b3 cxb3 10. axb5 cxb5 11. Qxb3 a6 12. e4 Nf6 13. d5 Qb6 14. Nc4 Qc7 15. Na5 e5 16. Be3 Bd6 17. Rc1 Qe7 18. f3 Qd7 19. Bc5 Bxc5+ 20. Rxc5 Bc8 21. Qc3 O-O 22. Rc7 Qe8 23. Nd2 Nbd7 24. Nc6 Kh8 25. Nb3 Ng8 26. Rc1 f6 27. Na7 Nb6 28. Qc6 Nc4 1-0

[Event "19th Mikhail Chigorin Memorial"]
[Site "Sochi URS"]
[Date "1985.??.??"]
[Round "?"]
[White "Arkhipov, Sergey"]
[Black "Gulko, Boris"]
[WhiteElo "2550"]
[BlackElo "2475"]
[Result "1/2-1/2"]
[EventDate "1985.??.??"]
[PlyCount "27"]

1. d4 e6 2. Nf3 Nf6 3. Bg5 c5 4. e3 cxd4 5. exd4 Be7 6. Bd3 b6 7. Nbd2 Bb7 8. O-O O-O 9. Re1 d6 10. Nf1 Nbd7 11. Ng3 Re8 12. Bd2 Qc7 13. Qe2 Bf8 14. Rac1 1/2-1/2

[Event "19th Mikhail Chigorin Memorial"]
[Site "Sochi URS"]
[Date "1985.??.??"]
[Round "?"]
[White "Arkhipov, Sergey"]
[Black "Pigusov, Evgeny"]
[WhiteElo "2550"]
[BlackElo "2455"]
[Result "1/2-1/2"]
[EventDate "1985.??.??"]
[PlyCount "76"]

1. d4 Nf6 2. c4 e6 3. Nc3 d5 4. cxd5 exd5 5. Bg5 Be7 6. e3 O-O 7. Bd3 Nbd7 8. Nf3 c6 9. Qc2 Re8 10. O-O Nf8 11. Rae1 Ne4 12. Bf4 Bf5 13. h3 Nxc3 14. bxc3 Bxd3 15. Qxd3 Ng6 16. Bg3 Bd6 17. Bxd6 Qxd6 18. c4 dxc4 19. Qxc4 Re7 20. Rb1 Rc8 21. Rfc1 Rec7 22. Rb3 c5 23. Rbc3 cxd4 24. Qxc7 Rxc7 25. Rxc7 dxe3 26. Rxb7 exf2+ 27. Kxf2 h6 28. Rc8+ Kh7 29. Rcc7 Ne5 30. Nxe5 Qxe5 31. Rxf7 Qd4+ 32. Kg3 Qe5+ 33. Kf3 Qd5+ 34. Ke3 Qe5+ 35. Kf3 Qd5+ 36. Kf2 Qd4+ 37. Kf1 Qa1+ 38. Kf2 Qd4+ 1/2-1/2

[Event "19th Mikhail Chigorin Memorial"]
[Site "Sochi URS"]
[Date "1985.??.??"]
[Round "?"]
[White "Arkhipov, Sergey"]
[Black "Vaisser, Anatoly"]
[WhiteElo "2550"]
[BlackElo "2490"]
[Result "1/2-1/2"]
[EventDate "1985.??.??"]
[PlyCount "28"]

1. d4 e6 2. e4 d5 3. Nd2 Nf6 4. Bd3 c5 5. exd5 Qxd5 6. Ngf3 cxd4 7. O-O Nc6 8. Re1 Bd7 9. a3 Be7 10. b4 b5 11. Bb2 a6 12. Qe2 O-O 13. Nb3 Qh5 14. Nfxd4 Qxe2 1/2-1/2

[Event "19th Mikhail Chigorin Memorial"]
[Site "Sochi URS"]
[Date "1985.??.??"]
[Round "?"]
[White "Arkhipov, Sergey"]
[Black "Vera, Reynaldo"]
[WhiteElo "2550"]
[BlackElo "2480"]
[Result "1/2-1/2"]
[EventDate "1985.??.??"]
[PlyCount "104"]

1. d4 d5 2. c4 e6 3. Nc3 c6 4. e4 dxe4 5. Nxe4 Bb4+ 6. Bd2 Qxd4 7. Bxb4 Qxe4+ 8. Be2 Na6 9. Bc3 Nf6 10. Nf3 Bd7 11. Ne5 Rd8 12. O-O Nc5 13. Re1 Bc8 14. Qc1 O-O 15. Bf3 Qh4 16. g3 Qh3 17. Bb4 b6 18. Bxc5 bxc5 19. Nxc6 Rd7 20. Bg2 Qf5 21. Re5 Qd3 22. Rxc5 Qd6 23. b4 Bb7 24. Qe1 h5 25. h4 a6 26. a3 Re8 27. Ne5 Bxg2 28. Kxg2 Rdd8 29. Rc1 Qb8 30. Qe2 Qb7+ 31. Qf3 Ne4 32. Ra5 Rd2 33. Rf1 Red8 34. c5 f5 35. c6 Qa7 36. Nd7 Rb2 37. b5 Rxb5 38. Rxb5 axb5 39. Qb3 Rxd7 40. cxd7 Qxd7 41. Rd1 Qc6 42. Kg1 Kf7 43. Qe3 Kg6 44. Rd8 Qc7 45. Re8 Qd7 46. Rb8 Qd1+ 47. Kg2 Qd5 48. Kg1 Qd1+ 49. Kg2 Qd5 50. Kh2 Nf6 51. Kg1 Qd1+ 52. Kg2 Ne4 1/2-1/2

[Event "19th Mikhail Chigorin Memorial"]
[Site "Sochi URS"]
[Date "1985.??.??"]
[Round "?"]
[White "Barlov, Dragan"]
[Black "Agzamov, Georgy"]
[WhiteElo "2430"]
[BlackElo "2590"]
[Result "1-0"]
[EventDate "1985.??.??"]
[PlyCount "205"]

1. d4 Nf6 2. Nf3 e6 3. Bg5 c5 4. e3 Qb6 5. Qc1 Nc6 6. c3 d5 7. Nbd2 Bd7 8. Bd3 Rc8 9. O-O Be7 10. dxc5 Qxc5 11. e4 h6 12. Bxf6 Bxf6 13. Qe1 d4 14. Nb3 Qd6 15. cxd4 Bxd4 16. Rd1 Bxb2 17. Bb5 Qe7 18. Na5 a6 19. Nxb7 axb5 20. Nd6+ Kf8 21. Nxc8 Bxc8 22. Qe2 Ba3 23. Qxb5 Qb7 24. Qc4 Qa6 25. Qxa6 Bxa6 26. Ne5 Nxe5 27. Rd8+ Ke7 28. Rxh8 Bb7 29. f3 Bc5+ 30. Kh1 Nd7 31. Rb1 Ba6 32. Ra8 Bc4 33. Rc1 Nb6 34. Ra7+ Kd6 35. Rxc4 Nxc4 36. Rxf7 Bd4 37. Rf8 Bf6 38. Rc8 Nb6 39. Rc2 g5 40. Kg1 Bd4+ 41. Kf1 Be5 42. g3 h5 43. Kg2 h4 44. Kh3 hxg3 45. hxg3 Bf6 46. Kg4 Be5 47. Rd2+ Ke7 48. Re2 Kf6 49. Rc2 Bd4 50. Rc1 Be3 51. Re1 Bd2 52. Rb1 Be3 53. Rb3 Bf2 54. Kh3 Bc5 55. Rb5 Be3 56. Ra5 Bd2 57. Rb5 Be3 58. Rb4 Bc5 59. Rb3 Bf2 60. Ra3 Nc4 61. Ra8 Nb6 62. Ra6 Nc4 63. a4 Be1 64. Rc6 Ne5 65. Rc8 Bd2 66. Kg2 Bb4 67. Rb8 Bd2 68. Kf2 Nc6 69. Rb6 Nd4 70. Rb2 Bc3 71. Ra2 Ba5 72. Ke3 Nc6 73. Rb2 Be1 74. Rc2 Na5 75. g4 Bb4 76. Kd4 Bd6 77. Re2 Ke7 78. Kd3 Nc6 79. Rb2 Ne5+ 80. Ke2 Nc6 81. Rb7+ Kf6 82. Rb6 Nd4+ 83. Kd3 Bc5 84. Rb1 Ke5 85. Kc4 Kd6 86. Rd1 e5 87. Rh1 Bb6 88. Rh6+ Ne6 89. Kb5 Be3 90. a5 Kd7 91. Kc4 Bd2 92. Rh7+ Kd6 93. a6 Nc7 94. Rg7 Be3 95. Kd3 Bb6 96. Rxg5 Nxa6 97. Rg6+ Kc5 98. g5 Nb4+ 99. Kc3 Ba5 100. Re6 Nc6+ 101. Kd3 Nb4+ 102. Ke2 Nc6 103. Rxc6+ 1-0

[Event "19th Mikhail Chigorin Memorial"]
[Site "Sochi URS"]
[Date "1985.??.??"]
[Round "?"]
[White "Barlov, Dragan"]
[Black "Arkhipov, Sergey"]
[WhiteElo "2430"]
[BlackElo "2550"]
[Result "1-0"]
[EventDate "1985.??.??"]
[PlyCount "99"]

1. d4 d5 2. c4 e6 3. Nf3 c6 4. Qc2 Nf6 5. g3 Nbd7 6. Bg2 Bb4+ 7. Bd2 Be7 8. O-O O-O 9. Bg5 Ne4 10. Bxe7 Qxe7 11. e3 f5 12. Nc3 b6 13. Rfc1 Bb7 14. cxd5 exd5 15. Qb3 Rae8 16. Re1 Kh8 17. Rad1 g5 18. Qc2 Qf6 19. Nd2 Re6 20. Nf1 Rfe8 21. Qd3 Nf8 22. f3 Nd6 23. e4 fxe4 24. fxe4 dxe4 25. Nxe4 Nxe4 26. Rxe4 Rxe4 27. Bxe4 Ba6 28. Qf3 Qxf3 29. Bxf3 Re6 30. Kf2 Bxf1 31. Rxf1 Rd6 32. Ke3 Ne6 33. Rd1 Kg7 34. d5 cxd5 35. Rxd5 Rxd5 36. Bxd5 Nc7 37. Bc4 Kf6 38. Ke4 a5 39. a4 h6 40. g4 Ke7 41. Ke5 Ne8 42. Bb5 Nf6 43. h3 Kf7 44. Kd6 h5 45. gxh5 Nxh5 46. Kc6 Nf4 47. Bf1 Ke6 48. Kxb6 Kd6 49. Kxa5 Kc7 50. Kb5 1-0

[Event "19th Mikhail Chigorin Memorial"]
[Site "Sochi URS"]
[Date "1985.??.??"]
[Round "?"]
[White "Barlov, Dragan"]
[Black "Haik, Aldo"]
[WhiteElo "2430"]
[BlackElo "2455"]
[Result "1/2-1/2"]
[EventDate "1985.??.??"]
[PlyCount "20"]

1. d4 Nf6 2. Nf3 d6 3. c4 Nbd7 4. Nc3 e5 5. e4 Be7 6. Be2 O-O 7. O-O c6 8. Re1 a6 9. Bf1 Re8 10. Qc2 b5 1/2-1/2

[Event "19th Mikhail Chigorin Memorial"]
[Site "Sochi URS"]
[Date "1985.??.??"]
[Round "?"]
[White "Barlov, Dragan"]
[Black "Vera, Reynaldo"]
[WhiteElo "2430"]
[BlackElo "2480"]
[Result "1/2-1/2"]
[EventDate "1985.??.??"]
[PlyCount "172"]

1. e4 c5 2. Nf3 d6 3. c3 Nf6 4. Bd3 g6 5. h3 Bg7 6. Bc2 e5 7. d4 exd4 8. cxd4 O-O 9. O-O Nc6 10. d5 Nb4 11. Nc3 Nxc2 12. Qxc2 Re8 13. Re1 a6 14. a4 Nh5 15. Bg5 f6 16. Be3 f5 17. exf5 Bxf5 18. Qd2 Qd7 19. Ng5 b5 20. a5 Nf6 21. Bf4 b4 22. Na4 Rxe1+ 23. Qxe1 Nxd5 24. Qd2 Qc6 25. Nb6 Nxb6 26. axb6 Bd4 27. Nf3 Qxb6 28. Nxd4 cxd4 29. Re1 Qc5 30. Bh6 d5 31. Qg5 Qd6 32. Re7 Rc8 33. Rg7+ Kh8 34. Qh4 Rc1+ 35. Bxc1 Kxg7 36. Qxd4+ Kf7 37. Bf4 Qe6 38. Qxb4 Qe7 39. Qd4 Qe1+ 40. Kh2 Qe4 41. Qa7+ Ke8 42. Qb8+ Kf7 43. f3 Qe7 44. Qa8 Qe6 45. Qb7+ Kg8 46. Bh6 Qd6+ 47. Kh1 Bd7 48. Qa8+ Kf7 49. Qh8 Qf6 50. Qxh7+ Ke6 51. Qg8+ Qf7 52. Qb8 Bb5 53. Bf4 Qf5 54. Qd6+ Kf7 55. Be5 Qe6 56. Qc7+ Qe7 57. Qc3 Qg5 58. Kh2 Bf1 59. Bg3 Qe7 60. Qd4 Qg5 61. b3 Qf5 62. Bf2 Ke6 63. Qb6+ Kf7 64. Qc7+ Ke8 65. Bc5 Qe6 66. Qg7 Kd8 67. Bf2 Bd3 68. Qd4 Bb5 69. Bg3 Ke8 70. Be5 Bd3 71. g4 Bc2 72. b4 Bb3 73. Kg3 Bc4 74. Qf4 Kd7 75. Qd4 Qe7 76. Qc3 Kc6 77. Bf6 Qf8 78. Qb2 Kb5 79. Bc3 Qd6+ 80. Kg2 d4 81. Bxd4 Qxb4 82. Kg3 Qxb2 83. Bxb2 Bf1 84. Kh4 Kc4 85. Kg5 Bxh3 86. Kxg6 Kd3 1/2-1/2

[Event "19th Mikhail Chigorin Memorial"]
[Site "Sochi URS"]
[Date "1985.??.??"]
[Round "?"]
[White "Barlov, Dragan"]
[Black "Tseitlin, Mikhail"]
[WhiteElo "2430"]
[BlackElo "2445"]
[Result "1-0"]
[EventDate "1985.??.??"]
[PlyCount "45"]

1. e4 c6 2. d4 d5 3. Nd2 dxe4 4. Nxe4 Nf6 5. Nxf6+ gxf6 6. Ne2 h5 7. Qd3 Na6 8. Bd2 Qb6 9. O-O-O Nb4 10. Bxb4 Qxb4 11. Kb1 Qa5 12. Nc3 Be6 13. Be2 O-O-O 14. Bf3 Bg4 15. h3 Bxf3 16. Qxf3 f5 17. d5 cxd5 18. Qxf5+ e6 19. Qxf7 Rh6 20. Ne2 Qb6 21. Rd3 Bc5 22. Rc3 a5 23. Qe7 1-0

[Event "19th Mikhail Chigorin Memorial"]
[Site "Sochi URS"]
[Date "1985.??.??"]
[Round "?"]
[White "Eingorn, Vereslav"]
[Black "Barlov, Dragan"]
[WhiteElo "2525"]
[BlackElo "2430"]
[Result "1/2-1/2"]
[EventDate "1985.??.??"]
[PlyCount "20"]

1. d4 Nf6 2. Nf3 d5 3. c4 dxc4 4. e3 e6 5. Bxc4 a6 6. O-O b5 7. Be2 Bb7 8. Nbd2 c5 9. a4 b4 10. Nc4 Nbd7 1/2-1/2

[Event "19th Mikhail Chigorin Memorial"]
[Site "Sochi URS"]
[Date "1985.??.??"]
[Round "?"]
[White "Eingorn, Vereslav"]
[Black "Gulko, Boris"]
[WhiteElo "2525"]
[BlackElo "2475"]
[Result "1/2-1/2"]
[EventDate "1985.??.??"]
[PlyCount "38"]

1. c4 e5 2. Nc3 Nc6 3. g3 f5 4. Nf3 Nf6 5. d4 e4 6. Nh4 d6 7. Bg5 Be7 8. e3 Ng4 9. Bxe7 Nxe7 10. Be2 Nf6 11. Ng2 O-O 12. Nf4 Ng6 13. Qb3 Nxf4 14. exf4 c6 15. O-O Qe7 16. Rad1 Rb8 17. Rfe1 Re8 18. d5 c5 19. Bf1 Qd8 1/2-1/2

[Event "19th Mikhail Chigorin Memorial"]
[Site "Sochi URS"]
[Date "1985.??.??"]
[Round "?"]
[White "Eingorn, Vereslav"]
[Black "Haik, Aldo"]
[WhiteElo "2525"]
[BlackElo "2455"]
[Result "1/2-1/2"]
[EventDate "1985.??.??"]
[PlyCount "146"]

1. Nf3 c5 2. c4 g6 3. d4 cxd4 4. Nxd4 Bg7 5. e4 Nc6 6. Be3 Nf6 7. Nc3 O-O 8. Be2 d6 9. O-O Bd7 10. Rc1 a5 11. f3 a4 12. Ndb5 Qa5 13. Qe1 Rfc8 14. Qf2 Ra6 15. Nd5 Nxd5 16. cxd5 Bxb2 17. dxc6 Raxc6 18. Rxc6 bxc6 19. Rb1 a3 20. Nd4 c5 21. Nb3 Qc3 22. Bd1 Rb8 23. h4 Be6 24. Nc1 f5 25. Kh1 fxe4 26. fxe4 Rf8 27. Bf3 c4 28. Bh6 Rc8 29. h5 Qf6 30. Be3 g5 31. Bd1 Qe5 32. Bc2 Rf8 33. Qe1 g4 34. Ne2 Qxh5+ 35. Kg1 Be5 36. Ng3 Qh4 37. Nf1 g3 38. Qd2 c3 39. Qd3 Rf2 40. Bd4 Bxd4 41. Qxd4 Rxc2 42. Rb8+ Kf7 43. Qh8 Qh6 44. Qe8+ Kf6 45. Nxg3 Qe3+ 46. Kh2 Qh6+ 47. Kg1 Rc1+ 48. Kf2 Qf4+ 49. Ke2 Qd2+ 50. Kf3 Qd3+ 51. Kf4 Qd2+ 52. Kf3 Qd3+ 53. Kf4 Rf1+ 54. Nxf1 Qxf1+ 55. Ke3 Qe1+ 56. Kf3 Qf1+ 57. Ke3 Bf7 58. Qh8+ Kg6 59. Qxc3 Qxg2 60. e5 Qxa2 61. Ra8 Qg2 62. Rxa3 dxe5 63. Qxe5 Qg5+ 64. Qxg5+ Kxg5 65. Ra5+ Kf6 66. Kf4 Bg6 67. Re5 e6 68. Re2 h5 69. Rh2 e5+ 70. Ke3 Be8 71. Rf2+ Ke6 72. Rh2 Bg6 73. Rh1 Kf6 1/2-1/2

[Event "19th Mikhail Chigorin Memorial"]
[Site "Sochi URS"]
[Date "1985.??.??"]
[Round "?"]
[White "Eingorn, Vereslav"]
[Black "Horvath, Jozsef"]
[WhiteElo "2525"]
[BlackElo "2520"]
[Result "1-0"]
[EventDate "1985.??.??"]
[PlyCount "65"]

1. d4 Nf6 2. c4 e6 3. Nf3 c5 4. d5 exd5 5. cxd5 d6 6. Nc3 g6 7. e4 Bg7 8. Bf4 O-O 9. Nd2 Bg4 10. f3 Nh5 11. fxg4 Nxf4 12. g3 f5 13. gxf5 gxf5 14. Qc2 fxe4 15. Ncxe4 Ng6 16. O-O-O Nd7 17. h4 c4 18. Nxc4 Rc8 19. Nexd6 Rc7 20. Kb1 Nb6 21. Qb3 Rf2 22. Ne4 Rxf1 23. Nxb6 Rxh1 24. Rxh1 axb6 25. d6+ Rf7 26. Rf1 Qd7 27. Ng5 Ne5 28. Nxf7 Nxf7 29. Qd5 Bf8 30. h5 h6 31. Rf6 Bg7 32. Re6 Kh7 33. Qe4+ 1-0

[Event "19th Mikhail Chigorin Memorial"]
[Site "Sochi URS"]
[Date "1985.??.??"]
[Round "?"]
[White "Eingorn, Vereslav"]
[Black "Pigusov, Evgeny"]
[WhiteElo "2525"]
[BlackElo "2455"]
[Result "1-0"]
[EventDate "1985.??.??"]
[PlyCount "81"]

1. d4 Nf6 2. c4 e6 3. Nc3 d5 4. cxd5 exd5 5. Bg5 c6 6. Qc2 Be7 7. e3 O-O 8. Bd3 Nbd7 9. Nf3 Re8 10. O-O Nf8 11. Rab1 a5 12. h3 Bd6 13. Rbe1 Bd7 14. e4 dxe4 15. Nxe4 Be7 16. Nc5 Bc8 17. Bc4 Nd5 18. Bxe7 Rxe7 19. Bxd5 cxd5 20. Rxe7 Qxe7 21. Qb3 Rb8 22. Qb6 Ra8 23. Re1 Be6 24. Re3 h6 25. b3 a4 26. bxa4 Qe8 27. Ne5 Qc8 28. a5 Bf5 29. Qxb7 Qxb7 30. Nxb7 Bc8 31. Nc5 Ne6 32. Nxe6 Bxe6 33. Ra3 Bc8 34. Nd3 Ba6 35. Nc5 Kf8 36. f3 Ke7 37. Kf2 Kd6 38. h4 Kc6 39. Rb3 Bc4 40. Rb6+ Kc7 41. Rb7+ 1-0

[Event "19th Mikhail Chigorin Memorial"]
[Site "Sochi URS"]
[Date "1985.??.??"]
[Round "?"]
[White "Foisor, Ovidiu"]
[Black "Eingorn, Vereslav"]
[WhiteElo "2430"]
[BlackElo "2525"]
[Result "1/2-1/2"]
[EventDate "1985.??.??"]
[PlyCount "20"]

1. d4 Nf6 2. c4 e6 3. Nf3 d5 4. Nc3 Nbd7 5. Bg5 Be7 6. e3 O-O 7. Rc1 c6 8. a3 Re8 9. Bd3 dxc4 10. Bxc4 Nd5 1/2-1/2

[Event "19th Mikhail Chigorin Memorial"]
[Site "Sochi URS"]
[Date "1985.??.??"]
[Round "?"]
[White "Foisor, Ovidiu"]
[Black "Horvath, Jozsef"]
[WhiteElo "2430"]
[BlackElo "2520"]
[Result "0-1"]
[EventDate "1985.??.??"]
[PlyCount "108"]

1. Nf3 Nf6 2. c4 c5 3. Nc3 Nc6 4. g3 d5 5. cxd5 Nxd5 6. Bg2 Nc7 7. O-O e5 8. b3 Be7 9. Bb2 O-O 10. Rc1 f6 11. Ne1 Bd7 12. Nd3 Rc8 13. f4 exf4 14. Nxf4 Kh8 15. e3 b6 16. Kh1 Bd6 17. d4 cxd4 18. exd4 f5 19. Nce2 Qe8 20. Re1 Ne7 21. d5 Qf7 22. Qd4 Ne8 23. Rxc8 Bxc8 24. Nc3 Nf6 25. Nb5 Bc5 26. Qd2 Ne4 27. Bxe4 fxe4 28. b4 e3 29. Qc3 Nxd5 30. Qxg7+ Qxg7 31. Bxg7+ Kxg7 32. bxc5 Nxf4 33. gxf4 Rxf4 34. Rxe3 bxc5 35. Nxa7 Bd7 36. Kg2 Kf6 37. Ra3 Ke5 38. Kg3 Ra4 39. Rxa4 Bxa4 40. Nc8 Kd4 41. Nb6 Bc6 42. Kf2 c4 43. Ke2 Kc3 44. Ke3 Kb4 45. Kd2 c3+ 46. Kc2 Kc5 47. Nc8 Bd7 48. Ne7 Kd6 49. Ng8 Ke6 50. h3 h5 51. a4 Kf7 52. Nh6+ Kg7 53. Ng4 Bxg4 54. hxg4 h4 0-1

[Event "19th Mikhail Chigorin Memorial"]
[Site "Sochi URS"]
[Date "1985.??.??"]
[Round "?"]
[White "Foisor, Ovidiu"]
[Black "Vaisser, Anatoly"]
[WhiteElo "2430"]
[BlackElo "2490"]
[Result "1/2-1/2"]
[EventDate "1985.??.??"]
[PlyCount "88"]

1. d4 Nf6 2. c4 c5 3. d5 b5 4. cxb5 a6 5. bxa6 g6 6. Nc3 Bxa6 7. Nf3 Bg7 8. Nd2 O-O 9. e4 Bxf1 10. Nxf1 d6 11. Ne3 Nbd7 12. O-O Qa5 13. Qc2 Qa6 14. Rb1 c4 15. b4 cxb3 16. axb3 Rfc8 17. Bd2 Nc5 18. f3 Nfd7 19. b4 Bxc3 20. Bxc3 Na4 21. Rb3 Ne5 22. Qd2 Nxc3 23. Rxc3 Rxc3 24. Qxc3 Rc8 25. Qd4 Qe2 26. Rd1 h5 27. Qd2 Qb5 28. h3 Nc4 29. Qc3 Kh7 30. Rb1 Nxe3 31. Qxe3 Rc2 32. Kh1 Qc4 33. Rg1 Qxb4 34. Qa7 Kg7 35. Qxe7 Re2 36. Qc7 Qa3 37. Qb6 Rd2 38. Qc7 Qb4 39. Rc1 Rd3 40. Qc2 Qd4 41. Qc7 Qe5 42. Qc2 Qd4 43. Qc7 Qe5 44. Qc2 Qd4 1/2-1/2

[Event "19th Mikhail Chigorin Memorial"]
[Site "Sochi URS"]
[Date "1985.??.??"]
[Round "?"]
[White "Foisor, Ovidiu"]
[Black "Vera, Reynaldo"]
[WhiteElo "2430"]
[BlackElo "2480"]
[Result "1-0"]
[EventDate "1985.??.??"]
[PlyCount "55"]

1. Nf3 d5 2. b3 c5 3. e3 Nf6 4. Bb2 e6 5. d4 Bd6 6. Bd3 Nc6 7. O-O O-O 8. Nbd2 Qe7 9. Ne5 cxd4 10. exd4 Ba3 11. Qc1 Bxb2 12. Qxb2 Qc7 13. Rac1 Bd7 14. Ndf3 Rfd8 15. Ng5 Be8 16. f4 Ne4 17. Bxe4 dxe4 18. c3 e3 19. Qc2 g6 20. Qe2 Qa5 21. Ng4 b5 22. b4 Qa4 23. Qxe3 Qxa2 24. Nh6+ Kg7 25. Qh3 Rd7 26. Rce1 Nd8 27. f5 Qd2 28. Nhxf7 1-0

[Event "19th Mikhail Chigorin Memorial"]
[Site "Sochi URS"]
[Date "1985.??.??"]
[Round "?"]
[White "Gulko, Boris"]
[Black "Barlov, Dragan"]
[WhiteElo "2475"]
[BlackElo "2430"]
[Result "1/2-1/2"]
[EventDate "1985.??.??"]
[PlyCount "47"]

1. d4 Nf6 2. c4 e6 3. Nc3 Bb4 4. g3 d5 5. Nf3 O-O 6. Bg2 dxc4 7. O-O Nbd7 8. Qc2 c5 9. Rd1 cxd4 10. Rxd4 Bc5 11. Rxc4 b5 12. Nxb5 Qb6 13. Nfd4 Nd5 14. b4 Bxd4 15. Nxd4 Ne5 16. Bxd5 exd5 17. Rc5 Qxb4 18. Qc3 Qxc3 19. Rxc3 Ba6 20. Bf4 Ng6 21. Rb1 Rfe8 22. e3 Bc4 23. Ra3 a6 24. Bd6 1/2-1/2

[Event "19th Mikhail Chigorin Memorial"]
[Site "Sochi URS"]
[Date "1985.??.??"]
[Round "?"]
[White "Gulko, Boris"]
[Black "Horvath, Jozsef"]
[WhiteElo "2475"]
[BlackElo "2520"]
[Result "0-1"]
[EventDate "1985.??.??"]
[PlyCount "74"]

1. c4 c5 2. Nf3 Nf6 3. Nc3 Nc6 4. e3 e6 5. d4 d5 6. cxd5 exd5 7. Be2 cxd4 8. Nxd4 Bd6 9. O-O O-O 10. b3 Be5 11. Nxc6 bxc6 12. Bb2 Re8 13. Rc1 Bc7 14. Qd4 Qd6 15. g3 Qe6 16. Na4 Qh3 17. Bf3 Ba6 18. Rfd1 Qf5 19. Bg2 Be2 20. Re1 Be5 21. Qd2 Bf3 22. Bxe5 Ne4 23. Qc2 Rxe5 24. Nc5 Rae8 25. Bxf3 Qxf3 26. Nxe4 dxe4 27. Qxc6 h5 28. Qd7 R8e6 29. Rc8+ Kh7 30. Rf8 Rf5 31. Rf1 h4 32. Qd8 hxg3 33. hxg3 Kg6 34. Rh8 Ref6 35. Rh4 Qxg3+ 36. fxg3 Rxf1+ 37. Kg2 R6f2+ 0-1

[Event "19th Mikhail Chigorin Memorial"]
[Site "Sochi URS"]
[Date "1985.??.??"]
[Round "?"]
[White "Gulko, Boris"]
[Black "Sveshnikov, Evgeny"]
[WhiteElo "2475"]
[BlackElo "2530"]
[Result "1/2-1/2"]
[EventDate "1985.??.??"]
[PlyCount "71"]

1. c4 e6 2. g3 d5 3. Bg2 Nf6 4. d4 dxc4 5. Qa4+ Nbd7 6. Nd2 c6 7. Qxc4 Nb6 8. Qd3 c5 9. Ngf3 a6 10. O-O Bd7 11. Ne5 Bb5 12. Qc2 Rc8 13. a4 cxd4 14. Qb3 Bc6 15. Nxc6 bxc6 16. Qd3 Bb4 17. Qxa6 O-O 18. Nc4 Nbd5 19. Ne5 Qd6 20. Nd3 e5 21. Qc4 Rb8 22. a5 e4 23. Nxb4 Rxb4 24. Qc2 e3 25. fxe3 Ng4 26. a6 Qh6 27. h3 Ngxe3 28. Qc5 Rbb8 29. a7 Ra8 30. Qxd4 Qe6 31. Bxe3 Nxe3 32. Rfc1 Nxg2 33. Kxg2 Qxe2+ 34. Qf2 Qb5 35. Rc5 Qb7 36. Rca5 1/2-1/2

[Event "19th Mikhail Chigorin Memorial"]
[Site "Sochi URS"]
[Date "1985.??.??"]
[Round "?"]
[White "Haik, Aldo"]
[Black "Arkhipov, Sergey"]
[WhiteElo "2455"]
[BlackElo "2550"]
[Result "1/2-1/2"]
[EventDate "1985.??.??"]
[PlyCount "112"]

1. e4 e5 2. Nf3 Nc6 3. Bc4 Nf6 4. d3 h6 5. O-O d6 6. c3 g6 7. d4 exd4 8. cxd4 Bg7 9. Nc3 O-O 10. d5 Na5 11. Bd3 c5 12. h3 a6 13. Bf4 b5 14. Qd2 Kh7 15. Bxd6 Qxd6 16. e5 Qd8 17. exf6 Qxf6 18. Ne4 Qb6 19. Rad1 Bb7 20. Qe3 Bxd5 21. b4 Nc4 22. Bxc4 Bxe4 23. bxc5 Qb7 24. Bb3 Rae8 25. Rd6 a5 26. Bd1 Qc7 27. Qc1 Rc8 28. Ra6 Qxc5 29. Qxc5 Rxc5 30. Rxa5 Bc3 31. Ra7 Bd3 32. Bb3 Bxf1 33. Kxf1 Kg7 34. Rb7 Rf5 35. Nh4 Rc5 36. g4 Be5 37. Nf3 Bc7 38. Nd4 Rb8 39. Ra7 Kf6 40. Kg2 Rb6 41. Nc2 Rd6 42. Nb4 Kg5 43. Bxf7 Bb6 44. Rb7 Rf6 45. Nd5 Rxf7 46. Rxf7 Rxd5 47. Kg3 Bxf2+ 48. Rxf2 Rd3+ 49. Rf3 Rxf3+ 50. Kxf3 Kh4 51. Kg2 b4 52. Kh2 h5 53. gxh5 gxh5 54. Kg2 Kg5 55. Kf3 Kh4 56. Kg2 Kg5 1/2-1/2

[Event "19th Mikhail Chigorin Memorial"]
[Site "Sochi URS"]
[Date "1985.??.??"]
[Round "?"]
[White "Haik, Aldo"]
[Black "Foisor, Ovidiu"]
[WhiteElo "2455"]
[BlackElo "2430"]
[Result "1/2-1/2"]
[EventDate "1985.??.??"]
[PlyCount "80"]

1. e4 c5 2. Nf3 e6 3. d4 cxd4 4. Nxd4 Nf6 5. Nc3 d6 6. g3 Be7 7. Bg2 a6 8. O-O O-O 9. Re1 Qc7 10. g4 Nc6 11. Nxc6 bxc6 12. g5 Nd7 13. f4 Re8 14. Kh1 Bf8 15. Na4 Bb7 16. Be3 d5 17. c4 dxe4 18. Bxe4 c5 19. Qf3 Rab8 20. Rad1 Bxe4 21. Qxe4 Nb6 22. Nxb6 Rxb6 23. Re2 Rd8 24. Red2 Rbd6 25. Kg2 g6 26. Kf2 h5 27. Rxd6 Rxd6 28. Rxd6 Qxd6 29. Ke2 Qb6 30. b3 Qa5 31. Qc2 Bg7 32. Bd2 Qc7 33. Qe4 Qd8 34. Be3 Qa5 35. Qc2 Kh7 36. Bd2 Qa3 37. Bc1 Qa5 38. Bd2 Qa3 39. Bc1 Qa5 40. Be3 Qa3 1/2-1/2